000 00733nam a22001937a 4500
005 20251108165759.0
008 250721s1997 xx 000 0 ara d
082 1 4 _aم/341.11856/منظ
245 1 0 _aإنجازات المنظمة العربية للتنمية الزراعية من الدراسات القومية خلال ربع قرن :
_bالملخصات التنفيذية /
264 1 _aالخرطوم :
_bالمنظمة،
_c1997.
300 _aمج
650 1 7 _aالمنظمات العربية
650 1 7 _aالزراعة
650 1 7 _aالتقارير
650 1 7 _aالمنظمات الدولية
710 2 _aالمنظمة العربية للتنمية الزراعية
942 _2ddc
_cREF
999 _c31138
_d31138